000 00535nam a2200169 i 4500
001 121126
003 ES-MaACL
005 20230906191708.0
007 t|
008 070214s1963 sp r ||||1| spa d
110 2 _aInstituto Nacional de Estadística (España)
_95162
245 1 0 _aCenso de bibliotecas de España
_b: año 1960.
260 _aMadrid :
_bInstituto Nacional de Estadística,
_c1963.
300 _a97 p. ;
_c27 cm.
650 4 _aBibliotecas-
_zEspaña-
_vEstadísticas.
_9161524
852 _aES-MaACL
_jC-23994
_bR.51989
999 _c121126
_d121126